000 00549nam a2200205 a 4500
001 19644
003 CO-ViMGA
008 141112s2004 ck r 000 u spa d
020 _a8495808706
040 _aCO-ViMGA
_bspa
_cCO-ViMGA
082 0 4 _a823.7 C654m
100 1 _aCollins, Michael
_928417
245 1 0 _aMuerte Azul
260 _aBarcelona :
_bEditorial Diagonal/Grup 62
300 _a267 p.
490 _aEdiciones de bolsillo
590 _aForma de adquisición : Premio Mincultura
650 1 4 _aNOVELA IRLANDESA
_92617
942 _2ddc
_cBK
999 _c28780
_d28780